00640nam a2200205 a 4500001001300000003000900013005001700022008004100039020002600080082001300106100002300119245006600142260003500208300000900243500003500252505006200287650002700349650003500376700002300411nice12345678IN_TiNIC20260116014958.0050524s1989 newa grp 000 0 eng  a0809182 c582.7500a266bGIT aGittins, Anthony J aGifts and Strangersb Meeting the Challenge of Inculturation. aNew YorkbPaulist Press c1989 a144p aincludes index and biblioraphy2 aFootnotes ofthe list of the names/ chaiers of "Holy Land" aTheology-Inculturation aCatholic Church Missions-India1 aGittins, Anthony J